Statystyki dla Stolice Ameryki Północnej

Kliknij tutaj aby rozwiązać quiz!

Ogólne statystyki

  • Ten quiz został rozwiązany 41 322 razy
  • Średni wynik to 12 z 23

Statystyki odpowiedzi

PaństwoStolica% Poprawnych
Stany ZjednoczoneWaszyngton
95%
MeksykMeksyk
90%
KanadaOttawa
89%
PanamaPanama
76%
KubaHawana
75%
GwatemalaGwatemala
66%
JamajkaKingston
63%
Saint Vincent i GrenadynyKingstown
63%
SalwadorSan Salvador
60%
KostarykaSan José
54%
DominikanaSanto Domingo
54%
HaitiPort-au-Prince
51%
NikaraguaManagua
46%
BelizeBelmopan
44%
BahamyNassau
44%
HondurasTegucigalpa
43%
Trynidad TobagoPort-of-Spain
41%
Antigua i BarbudaSaint John’s
34%
BarbadosBridgetown
33%
DominikaRoseau
31%
GrenadaSaint George's
31%
Saint LuciaCastries
24%
Saint Kitts i NevisBasseterre
22%

Rozkład punktacji

Percentyl według liczby udzielonych odpowiedzi

Procent ludzi z każdym wynikiem

Twoja historia wyników

Nie rozwiązałeś tego quizu